Kuvalayashva Vijaya. (Record no. 91855)
[ view plain ]
| 000 -LEADER | |
|---|---|
| fixed length control field | 00594nam a2200193Ia 4500 |
| 003 - CONTROL NUMBER IDENTIFIER | |
| control field | OSt |
| 005 - DATE AND TIME OF LATEST TRANSACTION | |
| control field | 20260427151954.0 |
| 008 - FIXED-LENGTH DATA ELEMENTS--GENERAL INFORMATION | |
| fixed length control field | 210210b1978 xxu||||| |||| 00| 0 eng d |
| 040 ## - CATALOGING SOURCE | |
| Transcribing agency | AL |
| 041 ## - LANGUAGE CODE | |
| Language code of text/sound track or separate title | Kannada |
| 082 ## - DEWEY DECIMAL CLASSIFICATION NUMBER | |
| Classification number | 398.2K HOLK |
| 100 ## - MAIN ENTRY--PERSONAL NAME | |
| Personal name | HOLLA VIDVAN (D V). |
| Dates associated with a name | ವಿದ್ವಾನ್ ಡಿ. ವಿ. ಹೊಳ್ಳ |
| 9 (RLIN) | 262904 |
| 245 ## - TITLE STATEMENT | |
| Title | Kuvalayashva Vijaya. |
| Remainder of title | ಕುವಲಯಾಶ್ವ ವಿಜಯ (ಮದಾಲಸಾ ಪರಿಣಯ) |
| 260 ## - PUBLICATION, DISTRIBUTION, ETC. | |
| Place of publication, distribution, etc. | Kundapura |
| Name of publisher, distributor, etc. | D.V Holla Vidvan |
| Date of publication, distribution, etc. | 1978 |
| 300 ## - PHYSICAL DESCRIPTION | |
| Extent | 42 |
| 690 ## - LOCAL SUBJECT ADDED ENTRY--TOPICAL TERM (OCLC, RLIN) | |
| Topical term or geographic name as entry element | Folklore |
| 9 (RLIN) | 262905 |
| 906 ## - LOCAL DATA ELEMENT F, LDF (RLIN) | |
| a | 042204 |
| 942 ## - ADDED ENTRY ELEMENTS (KOHA) | |
| Source of classification or shelving scheme | Dewey Decimal Classification |
| Koha item type | Book |
| Withdrawn status | Lost status | Source of classification or shelving scheme | Damaged status | Not for loan | Collection code | Home library | Current library | Shelving location | Date acquired | Source of acquisition | Cost, normal purchase price | Total Checkouts | Full call number | Barcode | Date last seen | Price effective from | Koha item type |
|---|---|---|---|---|---|---|---|---|---|---|---|---|---|---|---|---|---|
| Dewey Decimal Classification | Others | St Aloysius Library | St Aloysius Library | 02/17/2021 | Athree Book Centre, Mangalore-01. | 2.00 | 398.2K HOLK | 042204 | 02/17/2021 | 02/17/2021 | Book |